00682cam a2200241 4500001001300000003000400013005001700017008004100034010001700075025002000092040001800112050001700130082001400147100003800161245005800199250001400257260003900271300002700310350000900337500005600346630002100402999001700423sa 68019505 DLC20260227112718.0720210s1967 ii a 000 0 eng  asa 68019505  aPL480:I-E-10992 aDLCcDLCdDLC00aPK3641b.V3400a294.5/9231 aVaidya, Raghunath Vinayak,d1899-12aA study of Mahabharat;ba research,cby R. V. Vaidya. a[1st ed.] aPoona,bA. V. G. Prakashanc[1967] a145 p.billus.c23 cm. a6.50 aIncludes verses in Sanskrit from the original text.00aMahābhārata. c88930d88930